000 00696nam a2200205Ia 4500
003 GCL
008 140319s9999 xx 000 0 ara d
040 _aGCL /
_cGCL
082 0 4 _a953.04
_bم ع
100 1 _aمحمد احمد عبدالمولى
245 1 0 _aالعيارون والشطار البغاددة فى التاريخ العباسى /
_cمحمد احمد عبدالمولى
260 _a[S.N] :
_bمؤسسة شباب الجامعة
300 _a190 ص
490 _a
650 0 4 _aالحركات الفكرية عند المسلمين
650 0 4 _aالتاريخ الاسلامى
650 0 4 _aالحضارة الاسلامية
650 0 4 _aبغداد
942 _2ddc
_cBK
999 _c31215
_d31215